000 00569nam a2200157 4500
999 _c6597
_d6597
008 170421b xxu||||| |||| 00| 0 eng d
022 _a0091-4169
082 _aDPer 364.05 J82 2014 v. 104, n. 2
100 _919982
_aGabel, Jessica D.
245 _aRealizing reliability in forensic science from the ground up/
_cJessica D. Gabel.
260 _aEvanston:
_bNorthwestern University Press,
_c©2014.
300 _av104 n2, pages 283-352;
_b25 cm.
500 _aThe Journal of criminal law and criminology.
650 0 _919983
_aForensic sciences
942 _2ddc
_cPER